Waterlogged wealth

Đã lưu trong:
書目詳細資料
主要作者: Edward Maltby
格式: 圖書
語言:Undetermined
出版: Washington D.C International Institute for Environment and Development
主題:
標簽: 添加標簽
沒有標簽, 成為第一個標記此記錄!
Thư viện lưu trữ: Trung tâm Học liệu Trường Đại học Cần Thơ
LEADER 00491nam a2200169Ia 4500
001 CTU_38997
008 210402s9999 xx 000 0 und d
082 |a 631.4 
082 |b M261 
100 |a Edward Maltby 
245 0 |a Waterlogged wealth 
245 0 |c Edward Maltby 
260 |a Washington D.C 
260 |b International Institute for Environment and Development 
650 |a soils,waterlogging 
904 |i Liên, 000626 
980 |a Trung tâm Học liệu Trường Đại học Cần Thơ